Normal view MARC view

Entry Personal Name

Number of records used in: 3

001 - CONTROL NUMBER

  • control field: 1239477

003 - CONTROL NUMBER IDENTIFIER

  • control field: OSt

005 - DATE AND TIME OF LATEST TRANSACTION

  • control field: 20260514122530.0

008 - FIXED-LENGTH DATA ELEMENTS

  • fixed length control field: 260514|| aca||aabn | a|a d

040 ## - CATALOGING SOURCE

  • Original cataloging agency: OSt
  • Transcribing agency: OSt

100 ## - HEADING--PERSONAL NAME

  • Personal name: Dr.S.Aneja

670 ## - SOURCE DATA FOUND

  • Source citation: Work cat.: (OSt)1851468: Dr.Imsensenba 1239473, Study of Nasopharyngeal Carriage of Neisseria Meningitidis in a Tertiary Healthecare Setup.
Copyright @ Delhi University Library System